000 00492nam a22001817a 4500
999 _c12827
_d12827
008 250916b 2022 ||||| |||| 00| 0 eng d
020 _a9788189874513
082 _a541.3
_bCHA
100 _aChatterjee, Hrishikesh
245 _aPhysical chemistry : Part 1
260 _aKolkata
_bPlatinum Publishers
_c2022
300 _axx, 713pgs.
650 _aKinetic theory of gases
650 _aThermodynamics
650 _aChemical Kinetics
650 _aChemical Equilibrium
942 _cBK